[Event "Landsturneringen 2015"]
[Site "Oppsal arena, Oslo"]
[Date "2015.07.04"]
[Round "1"]
[White "Moen, Andreas G.R."]
[Black "Urkedal, Frode Olav Olsen"]
[Result "0-1"]
[WhiteElo "2361"]
[BlackElo "2512"]
[PlyCount "44"]
[EventDate "2015.??.??"]

1. e4 e6 2. d4 d5 3. Nc3 Nf6 4. Bd3 c5 5. Nf3 c4 6. Be2 Bb4 7. exd5 exd5 8. O-O
Bxc3 9. bxc3 Qa5 10. a4 O-O 11. Ne5 Qxc3 12. Ra3 Qa5 13. g4 Ne4 14. Rh3 Nc3 15.
Qe1 Nxe2+ 16. Qxe2 Qxa4 17. Bh6 Qa6 18. Qe3 Qf6 19. Bg5 Qe6 20. Bh6 Nd7 21. Bf4
Re8 22. Re1 f6
0-1

[Event "Landsturneringen 2015"]
[Site "Oppsal arena, Oslo"]
[Date "2015.07.04"]
[Round "1"]
[White "Tari, Aryan"]
[Black "Fossan, Erik"]
[Result "1/2-1/2"]
[WhiteElo "2499"]
[BlackElo "2356"]
[PlyCount "53"]
[EventDate "2015.??.??"]

1. c4 c5 2. Nf3 g6 3. e4 Bg7 4. d4 cxd4 5. Nxd4 Nc6 6. Be3 Nf6 7. Nc3 Ng4 8.
Qxg4 Nxd4 9. Qd1 e5 10. Nb5 O-O 11. Be2 Qb6 12. Qd2 a6 13. Nc3 Qa5 14. Rc1 d6
15. b3 Be6 16. Nd5 Qd8 17. O-O Bxd5 18. exd5 Nf5 19. c5 Nxe3 20. Qxe3 dxc5 21.
Rxc5 Qd6 22. Rfc1 Rad8 23. h3 Rd7 24. a4 Rfd8 25. Bg4 f5 26. Be2 Kh8 27. Qd2
1/2-1/2

[Event "Landsturneringen 2015"]
[Site "Oppsal arena, Oslo"]
[Date "2015.07.04"]
[Round "1"]
[White "Hole, Øystein"]
[Black "Gausel, Einar J"]
[Result "1/2-1/2"]
[WhiteElo "2348"]
[BlackElo "2485"]
[PlyCount "113"]
[EventDate "2015.??.??"]

1. Nf3 d5 2. d4 Nf6 3. c4 e6 4. Nc3 c6 5. Bg5 h6 6. Bxf6 Qxf6 7. e3 Nd7 8. Rc1
g6 9. Be2 dxc4 10. Bxc4 Bg7 11. O-O O-O 12. Qc2 b6 13. Rfd1 Bb7 14. Bd3 Qe7 15.
Qe2 Rab8 16. Rd2 Rfd8 17. h3 Nf6 18. Rcd1 c5 19. Ba6 Ba8 20. dxc5 Rxd2 21. Rxd2
Qxc5 22. Nb5 Bd5 23. Nc3 Ne4 24. Nxe4 Bxe4 25. Nd4 Rd8 26. Nb3 Rxd2 27. Qxd2
Qg5 28. f4 Qg3 29. Qe2 Bd5 30. Nd2 Qh4 31. b3 Qe7 32. Bc4 Bc6 33. a4 e5 34. Nf3
exf4 35. exf4 Qxe2 36. Bxe2 Bd5 37. Bd1 Kf8 38. Kf2 Ke7 39. Ke3 Kd6 40. g3 Kc5
41. Kd3 Kb4 42. Nd2 a6 43. g4 b5 44. axb5 axb5 45. h4 f5 46. gxf5 gxf5 47. h5
Bc3 48. Nf1 Be4+ 49. Ke2 Kc5 50. Ne3 Bb2 51. Bc2 Bxc2 52. Nxc2 Bc1 53. Kd3 Bxf4
54. Nd4 Kb4 55. Nxf5 Kxb3 56. Nd4+ Ka4 57. Nxb5
1/2-1/2

[Event "Landsturneringen 2015"]
[Site "Oppsal arena, Oslo"]
[Date "2015.07.04"]
[Round "1"]
[White "Østenstad, Berge"]
[Black "Grønn, Atle"]
[Result "1-0"]
[WhiteElo "2456"]
[BlackElo "2341"]
[PlyCount "63"]
[EventDate "2015.??.??"]

1. d4 d5 2. c4 c6 3. Nf3 Nf6 4. e3 a6 5. Bd3 b5 6. b3 Bg4 7. Nbd2 e6 8. O-O
Nbd7 9. Qc2 Rc8 10. c5 a5 11. Bb2 Bxf3 12. Nxf3 g6 13. Nd2 Bh6 14. f4 Ng4 15.
Rae1 f5 16. Nf3 O-O 17. Kh1 Bg7 18. Rg1 Ndf6 19. h3 Nh6 20. Re2 Qc7 21. Bc3 Ra8
22. Be1 Ra7 23. a3 Kf7 24. g4 Nhg8 25. Ng5+ Ke7 26. Bh4 Kd7 27. gxf5 exf5 28.
Bxf5+ gxf5 29. Qxf5+ Ke8 30. Ne6 Qd7 31. Rxg7 Rf7 32. Reg2 
1-0

[Event "Landsturneringen 2015"]
[Site "Oppsal arena, Oslo"]
[Date "2015.07.04"]
[Round "1"]
[White "Mikalsen, Erlend"]
[Black "Elsness, Frode"]
[Result "0-1"]
[WhiteElo "2334"]
[BlackElo "2434"]
[PlyCount "90"]
[EventDate "2015.??.??"]

1. e4 e5 2. Nf3 Nc6 3. Bb5 a6 4. Ba4 Nf6 5. O-O Be7 6. Re1 b5 7. Bb3 d6 8. c3
O-O 9. h3 Nb8 10. d4 Nbd7 11. Nbd2 Bb7 12. Bc2 Re8 13. Nf1 Bf8 14. Ng3 g6 15.
Bg5 h6 16. Bd2 Bg7 17. a4 c5 18. b4 cxd4 19. cxd4 d5 20. dxe5 Nxe4 21. Nxe4
dxe4 22. Bxe4 Bxe4 23. Rxe4 Nxe5 24. Rc1 Nxf3+ 25. gxf3 bxa4 26. Qe2 a3 27. Bf4
Rxe4 28. fxe4 Qf6 29. Qe3 Qd4 30. Qxa3 Qxe4 31. Bd6 Qd5 32. Qg3 Re8 33. Bc5 Re5
34. Be3 Kh7 35. Rc5 Qe6 36. Kg2 Rxc5 37. bxc5 a5 38. Qf3 a4 39. Qa8 Qc4 40. c6
Be5 41. Kg1 Bd6 42. Bxh6 a3 43. Bg5 Qd4 44. c7 Bxc7 45. Qxa3 Qd1+
0-1

[Event "Landsturneringen 2015"]
[Site "Oppsal arena, Oslo"]
[Date "2015.07.04"]
[Round "1"]
[White "Djurhuus, Rune"]
[Black "Fossan, Petter"]
[Result "1-0"]
[WhiteElo "2422"]
[BlackElo "2308"]
[PlyCount "51"]
[EventDate "2015.??.??"]

1. e4 c6 2. d4 d5 3. Nd2 dxe4 4. Nxe4 Bf5 5. Ng3 Bg6 6. h4 h6 7. Nf3 Nd7 8. h5
Bh7 9. Bd3 Bxd3 10. Qxd3 e6 11. Bd2 Ngf6 12. O-O-O Be7 13. Kb1 O-O 14. Ne4 Nxe4
15. Qxe4 Nf6 16. Qe2 Qd5 17. Be3 Rad8 18. Ne5 c5 19. g4 cxd4 20. Bxd4 Bc5 21.
Nxf7 Bxd4 22. Nxd8 Ne4 23. Rhe1 Rf4 24. Nxe6 Qxe6 25. Rxd4 Nd2+ 26. Rxd2
1-0

[Event "Landsturneringen 2015"]
[Site "Oppsal arena, Oslo"]
[Date "2015.07.04"]
[Round "1"]
[White "Stubberud, Ørnulf"]
[Black "Salomon, Johan"]
[Result "0-1"]
[WhiteElo "2306"]
[BlackElo "2419"]
[PlyCount "162"]
[EventDate "2015.??.??"]

1. e4 c5 2. Nf3 e6 3. d4 cxd4 4. Nxd4 Nc6 5. Nb5 d6 6. c4 Nf6 7. N1c3 a6 8. Na3
Be7 9. Be2 O-O 10. O-O b6 11. Be3 Bb7 12. Qb3 Nd7 13. Rfd1 Qc7 14. Rac1 Nc5 15.
Qc2 Rfd8 16. Qb1 Nb4 17. Nc2 Nxc2 18. Qxc2 Rac8 19. b4 Nd7 20. Qb3 Bf6 21. f3
Qb8 22. Bf1 h6 23. Rc2 Rc6 24. Ne2 Rdc8 25. Nd4 R6c7 26. Rdc1 Be5 27. h3 Qa8
28. Qd3 Bf6 29. Nb3 Be7 30. Qd2 Bc6 31. Bf4 e5 32. Be3 Ba4 33. Bd3 a5 34. bxa5
bxa5 35. Rb1 Nc5 36. Be2 Rb7 37. Rcb2 Bxb3 38. axb3 Rcb8 39. Bd1 Rb4 40. Qc1
Nd3 41. Qc3 Nxb2 42. Rxb2 Qc6 43. Ra2 Bd8 44. Kh2 Bb6 45. Bxb6 Qxb6 46. Rd2 Rc8
47. Qd3 a4 48. bxa4 Rbxc4 49. Qxd6 Qxd6 50. Rxd6 Rd4 51. Rxd4 exd4 52. Kg3 Rc1
53. Be2 Rc2 54. Bf1 g5 55. a5 Kg7 56. a6 Kf6 57. Bd3 Ra2 58. Bc4 Ra4 59. Bb5
Ra5 60. Bc4 Ke5 61. Kf2 Ra4 62. Bxf7 Rxa6 63. g3 Rb6 64. Ke2 Rc6 65. Kd2 Rc3
66. Bh5 Ra3 67. Bg4 Kd6 68. Bh5 Kc5 69. Bg4 Ra2+ 70. Kd3 Ra3+ 71. Kd2 Ra2+ 72.
Kd3 Rg2 73. h4 Rxg3 74. hxg5 hxg5 75. e5 Rg1 76. Kd2 Rg2+ 77. Kd3 Rg1 78. e6
Re1 79. Kd2 Re3 80. Kc2 Kd5 81. Kd2 Rxe6
0-1

[Event "Landsturneringen 2015"]
[Site "Oppsal arena, Oslo"]
[Date "2015.07.04"]
[Round "1"]
[White "Sagafos, Magne"]
[Black "Byklum, Bjørnar"]
[Result "1/2-1/2"]
[WhiteElo "2409"]
[BlackElo "2300"]
[PlyCount "139"]
[EventDate "2015.??.??"]

1. e4 d6 2. d4 Nf6 3. Nc3 e5 4. dxe5 dxe5 5. Qxd8+ Kxd8 6. Nf3 Bd6 7. Be3 Ke7
8. Nd2 a6 9. f3 Be6 10. O-O-O b5 11. Nb3 Nbd7 12. Na5 Rhc8 13. Nc6+ Kf8 14. a4
b4 15. Nb1 b3 16. c3 Nb8 17. Na5 Bd7 18. Bc4 Bxa4 19. Nd2 Nc6 20. Bxb3 Bxb3 21.
Ndxb3 Nxa5 22. Nxa5 Nd7 23. Kc2 Ke7 24. Nc6+ Ke6 25. Ra1 Nb8 26. Nxb8 Rcxb8 27.
Ra4 c5 28. Rha1 Rb6 29. b4 Rc8 30. bxc5 Bxc5 31. Rc4 Rbc6 32. Bxc5 Rxc5 33.
Rxa6+ Ke7 34. Ra7+ Ke6 35. Ra6+ Ke7 36. Rxc5 Rxc5 37. Ra7+ Ke6 38. Ra6+ Ke7 39.
Kd3 Rb5 40. Ra7+ Ke6 41. Kc2 Rc5 42. Ra8 Kf6 43. h4 Rc6 44. g4 Kg6 45. Ra5 f6
46. Ra7 Rc8 47. Rb7 Rh8 48. c4 h5 49. gxh5+ Rxh5 50. c5 Rxh4 51. c6 Rh8 52. Rd7
Rc8 53. c7 Kh6 54. Kd3 g6 55. Kc4 Kg5 56. Kd5 Kf4 57. Rf7 f5 58. Ke6 Re8+ 59.
Kd7 Ra8 60. c8=Q Rxc8 61. Kxc8 Kxf3 62. exf5 gxf5 63. Rxf5+ Ke4 64. Rh5 Kd4 65.
Kd7 e4 66. Ke6 e3 67. Rd5+ Kc3 68. Re5 Kd2 69. Rxe3 Kxe3 70. Ke5 {Ke4+}
1/2-1/2

[Event "Landsturneringen 2015"]
[Site "Oppsal arena, Oslo"]
[Date "2015.07.04"]
[Round "1"]
[White "Røyset, Jon Kr."]
[Black "Christiansen, Johan-Sebastian"]
[Result "0-1"]
[WhiteElo "2279"]
[BlackElo "2409"]
[PlyCount "66"]
[EventDate "2015.??.??"]

1. e4 c5 2. Nf3 d6 3. d4 cxd4 4. Nxd4 Nf6 5. Nc3 Bd7 6. f4 Nc6 7. Nf3 e6 8. Bd3
Be7 9. O-O O-O 10. a3 Rc8 11. Kh1 a6 12. Qe1 Qc7 13. Bd2 b5 14. e5 Ne8 15. Qg3
g6 16. b4 Ng7 17. Rae1 Rcd8 18. Qh3 Bc8 19. Qh6 dxe5 20. fxe5 Nd4 21. Nxd4 Rxd4
22. Ne4 Bb7 23. Ng5 Bxg5 24. Bxg5 Rg4 25. Rf2 Qc6 26. Ree2 Nh5 27. Bf6 Qc3 28.
h3 Rg3 29. Kh2 Qd4 30. Be7 Rc8 31. Bc5 Qh4 32. Rxf7 Rxh3+ 33. gxh3 Qg3#
0-1

[Event "Landsturneringen 2015"]
[Site "Oppsal arena, Oslo"]
[Date "2015.07.04"]
[Round "1"]
[White "Røyset, Pål"]
[Black "Getz, Nicolai"]
[Result "1/2-1/2"]
[WhiteElo "2236"]
[BlackElo "2386"]
[PlyCount "95"]
[EventDate "2015.??.??"]

1. e4 e5 2. Nf3 Nc6 3. Bb5 a6 4. Ba4 Nf6 5. O-O Be7 6. Re1 b5 7. Bb3 d6 8. c3
O-O 9. h3 Nb8 10. d4 Nbd7 11. Nbd2 Bb7 12. Bc2 Re8 13. Nf1 Bf8 14. Ng3 g6 15.
Bg5 h6 16. Bd2 Bg7 17. a4 c5 18. d5 c4 19. Be3 Qc7 20. Qd2 Kh7 21. Nh2 Nc5 22.
Ng4 h5 23. Nxf6+ Bxf6 24. Rf1 Nb3 25. Bxb3 cxb3 26. Qe2 h4 27. Qf3 Bg7 28. Ne2
Kg8 29. Qg4 Qc4 30. Rfe1 Bc8 31. Qxh4 bxa4 32. Bg5 Bd7 33. Ng3 Bb5 34. Re3 f5
35. exf5 Qxh4 36. Bxh4 Bh6 37. Re4 Rac8 38. Rb4 g5 39. Bxg5 Bxg5 40. Rg4 Kf8
41. Rxg5 Rxc3 42. Ne4 Rc2 43. f6 Rxb2 44. Rg7 Rd8 45. Ng5 Rd7 46. Nh7+ Ke8 47.
Rg8+ Kf7 48. Rg7+
1/2-1/2

[Event "Landsturneringen 2015"]
[Site "Oppsal arena, Oslo"]
[Date "2015.07.04"]
[Round "2"]
[White "Urkedal, Frode Olav Olsen"]
[Black "Djurhuus, Rune"]
[Result "1/2-1/2"]
[WhiteElo "2512"]
[BlackElo "2422"]
[PlyCount "127"]
[EventDate "2015.??.??"]

1. d4 Nf6 2. c4 c5 3. d5 b5 4. cxb5 a6 5. bxa6 g6 6. Nc3 Bg7 7. Nf3 O-O 8. a7
Rxa7 9. e4 e6 10. Be2 exd5 11. exd5 d6 12. O-O Na6 13. Bf4 Nc7 14. Re1 Rb7 15.
Qd2 Nfxd5 16. Nxd5 Rxb2 17. Qd1 Nxd5 18. Qxd5 Rxe2 19. Rxe2 Bxa1 20. Bxd6 Bb7
21. Qxc5 Re8 22. Rxe8+ Qxe8 23. Qc7 Bd5 24. h3 h6 25. a3 Bb2 26. Ne5 Bd4 27.
Be7 Be6 28. Ng4 Bxg4 29. hxg4 Qa4 30. Qb8+ Kh7 31. Qf4 Qd1+ 32. Kh2 Kg7 33. Qb8
Kh7 34. Qf4 Kg7 35. Bb4 g5 36. Qe4 Qa1 37. Bd6 Qb2 38. f3 Qa1 39. a4 Qg1+ 40.
Kh3 Qh1+ 41. Bh2 Bg1 42. Qe5+ f6 43. Qc7+ Kg6 44. Qb8 Kg7 45. Qb7+ Kh8 46. Qc8+
Kg7 47. Qc7+ Kg6 48. Qg3 Bxh2 49. Qxh2 Qa1 50. f4 Qxa4 51. f5+ Kg7 52. Qc7+ Kg8
53. Qd8+ Kf7 54. Qh8 Qa1 55. Qh7+ Ke8 56. Qg8+ Ke7 57. Qe6+ Kf8 58. Qc8+ Kg7
59. Qe8 Qc3+ 60. g3 Qa1 61. Qg6+ Kf8 62. Qxh6+ Ke8 63. Qh8+ Kd7 64. Kh2
1/2-1/2

[Event "Landsturneringen 2015"]
[Site "Oppsal arena, Oslo"]
[Date "2015.07.04"]
[Round "2"]
[White "Salomon, Johan"]
[Black "Østenstad, Berge"]
[Result "1-0"]
[WhiteElo "2419"]
[BlackElo "2456"]
[PlyCount "93"]
[EventDate "2015.??.??"]

1. d4 d5 2. c4 dxc4 3. e3 Nf6 4. Bxc4 e6 5. Nf3 c5 6. O-O a6 7. dxc5 Bxc5 8.
Qxd8+ Kxd8 9. Be2 Ke7 10. Nbd2 Nc6 11. b3 Bd7 12. Bb2 Rhc8 13. Rfd1 Be8 14.
Rac1 b6 15. Nc4 a5 16. Nfe5 Nxe5 17. Nxb6 Ned7 18. Nxa8 Rxa8 19. Bxf6+ Kxf6 20.
Rxd7 Ba3 21. Rdd1 Bxc1 22. Rxc1 Rb8 23. Kf1 a4 24. Rb1 axb3 25. axb3 Ke5 26.
Ke1 Bb5 27. Bxb5 Rxb5 28. Kd2 Kd6 29. b4 Rb7 30. Kc3 Kc6 31. Rd1 Kb5 32. Rd8
Ra7 33. Kb3 h5 34. Rb8+ Kc6 35. Rc8+ Kb6 36. Rd8 Kb5 37. h3 Kc6 38. Rg8 g6 39.
Rf8 Kb5 40. Rb8+ Kc6 41. h4 Kd6 42. Rc8 Ra1 43. Rc2 Rb1+ 44. Ka4 Ra1+ 45. Kb5
Ra8 46. Rc6+ Kd7 47. Ra6
1-0

[Event "Landsturneringen 2015"]
[Site "Oppsal arena, Oslo"]
[Date "2015.07.04"]
[Round "2"]
[White "Elsness, Frode"]
[Black "Christiansen, Johan-Sebastian"]
[Result "1/2-1/2"]
[WhiteElo "2434"]
[BlackElo "2409"]
[PlyCount "108"]
[EventDate "2015.??.??"]

1. d4 d5 2. c4 dxc4 3. e4 Nf6 4. e5 Nd5 5. Bxc4 Nb6 6. Bd3 Nc6 7. Be3 Nb4 8.
Be4 f5 9. a3 fxe4 10. axb4 e6 11. Qh5+ g6 12. Qg4 Bxb4+ 13. Nc3 Nd5 14. Nge2
Qe7 15. O-O Bd7 16. Nxe4 Qf7 17. N2g3 Be7 18. Bh6 Bf8 19. Bg5 Be7 20. Bh6 Bf8
21. Bg5 Be7 22. Bxe7 Qxe7 23. Nc3 O-O 24. Nge4 Kg7 25. Qg3 Nb6 26. Nf6 Bc6 27.
Rfd1 Nd7 28. d5 exd5 29. Nfxd5 Qxe5 30. Qxe5+ Nxe5 31. Nxc7 a6 32. Nxa8 Rxa8
33. Rd4 Rf8 34. Re1 Rf5 35. f4 Nf7 36. g4 Rc5 37. Kf2 g5 38. Kg3 h5 39. gxh5
Nh6 40. Rd2 gxf4+ 41. Kxf4 Rf5+ 42. Ke3 Re5+ 43. Kf2 Ng4+ 44. Kf1 Ne3+ 45. Kf2
Ng4+ 46. Kf1 Ne3+ 47. Kg1 Rg5+ 48. Kf2 Nc4 49. Re7+ Kf6 50. Rde2 Rg2+ 51. Ke1
Rg1+ 52. Kf2 Rg2+ 53. Ke1 Rg1+ 54. Kf2 Rg2+
1/2-1/2

[Event "Landsturneringen 2015"]
[Site "Oppsal arena, Oslo"]
[Date "2015.07.04"]
[Round "2"]
[White "Djurhuus, Eivind X"]
[Black "Tari, Aryan"]
[Result "0-1"]
[WhiteElo "2149"]
[BlackElo "2499"]
[PlyCount "98"]
[EventDate "2015.??.??"]

1. c4 e5 2. g3 c6 3. Nf3 e4 4. Nd4 Qb6 5. Nb3 a5 6. a4 Nf6 7. Bg2 d5 8. cxd5
cxd5 9. O-O d4 10. d3 Be6 11. N3d2 exd3 12. exd3 Bb4 13. Na3 Nc6 14. Nb5 O-O
15. Ne4 Nxe4 16. Bxe4 f5 17. Bg2 Rac8 18. Bf4 Ne7 19. Be5 Nc6 20. Bf4 Na7 21.
Nxa7 Qxa7 22. Qf3 b6 23. Rfc1 Bb3 24. Be5 Qd7 25. Qb7 Qxb7 26. Bxb7 Rxc1+ 27.
Rxc1 Bc5 28. Bc6 Kf7 29. Bb5 g5 30. Bc4+ Bxc4 31. Rxc4 Rd8 32. f4 Ke6 33. Rc2
Kd5 34. Re2 Re8 35. Kf2 g4 36. Bf6 Re3 37. Rd2 h5 38. Rd1 Be7 39. Be5 h4 40.
Rd2 Rf3+ 41. Kg2 h3+ 42. Kg1 Bc5 43. Bf6 Kc6 44. Rd1 b5 45. Rc1 Kd5 46. axb5
Rxd3 47. Bd8 Rb3 48. b6 Rxb2 49. b7 a4
0-1

[Event "Landsturneringen 2015"]
[Site "Oppsal arena, Oslo"]
[Date "2015.07.04"]
[Round "2"]
[White "Gausel, Einar J"]
[Black "Røyset, Pål"]
[Result "1-0"]
[WhiteElo "2485"]
[BlackElo "2236"]
[PlyCount "123"]
[EventDate "2015.??.??"]

1. Nf3 Nf6 2. c4 e6 3. g3 d5 4. b3 a5 5. Bg2 Nc6 6. O-O Be7 7. d3 O-O 8. Na3
Bd7 9. Bb2 Be8 10. Nc2 a4 11. Qb1 axb3 12. axb3 Rxa1 13. Qxa1 Bd7 14. Bc3 Qb8
15. Qb2 Rd8 16. Ra1 Be8 17. cxd5 exd5 18. b4 Qc8 19. b5 Nb8 20. Ra8 Qd7 21. Ra7
Qc8 22. Bd4 Nbd7 23. Ne5 Qb8 24. Nxd7 Bxd7 25. Ne3 Be6 26. Qa2 h6 27. Bxf6 d4
28. Nd5 Bxf6 29. Nxf6+ gxf6 30. Qa4 c6 31. bxc6 bxc6 32. Qa1 c5 33. Bf3 Kg7 34.
Kg2 Qe5 35. Qa5 Rc8 36. Qa6 Rb8 37. Qc6 Qf5 38. Ra1 Rc8 39. Qb5 Qe5 40. Ra5 Qd6
41. Ra6 Qe5 42. Qb7 Qc7 43. Qxc7 Rxc7 44. Rd6 Kf8 45. Rd8+ Kg7 46. Bd5 Ra7 47.
Kf3 Ra1 48. Rd6 Bxd5+ 49. Rxd5 Rc1 50. e3 dxe3 51. fxe3 Rc2 52. h3 Rd2 53. Ke4
Rg2 54. g4 Rc2 55. Rh5 Rc3 56. d4 cxd4 57. exd4 Kg6 58. d5 Rc4+ 59. Kf3 Rc1 60.
Ke4 Kg7 61. d6 Rc8 62. Kd5
1-0

[Event "Landsturneringen 2015"]
[Site "Oppsal arena, Oslo"]
[Date "2015.07.04"]
[Round "2"]
[White "Fossan, Erik"]
[Black "Sagafos, Magne"]
[Result "1/2-1/2"]
[WhiteElo "2356"]
[BlackElo "2409"]
[PlyCount "37"]
[EventDate "2015.??.??"]

1. e4 e5 2. Nf3 Nc6 3. Bc4 Bc5 4. d3 d6 5. Nc3 Nf6 6. Bg5 h6 7. Bxf6 Qxf6 8.
Nd5 Qd8 9. c3 a6 10. d4 exd4 11. cxd4 Ba7 12. h3 O-O 13. O-O Be6 14. a3 Rc8 15.
Qd3 Ne7 16. Nf4 Bxc4 17. Qxc4 c6 18. Qb3 Qb6 19. Qxb6
1/2-1/2

[Event "Landsturneringen 2015"]
[Site "Oppsal arena, Oslo"]
[Date "2015.07.04"]
[Round "2"]
[White "Byklum, Bjørnar"]
[Black "Holm, Kristian Stuvik"]
[Result "0-1"]
[WhiteElo "2300"]
[BlackElo "2398"]
[PlyCount "48"]
[EventDate "2015.??.??"]

1. d4 Nf6 2. c4 g6 3. Nc3 d5 4. Bg5 Ne4 5. Bh4 Nxc3 6. bxc3 dxc4 7. e3 Be6 8.
Nf3 Bg7 9. Be2 O-O 10. O-O c5 11. Qb1 Qc7 12. Rc1 Nc6 13. Ng5 Bf5 14. e4 Bd7
15. Bxc4 cxd4 16. Qb3 e6 17. cxd4 Nxd4 18. Qh3 h6 19. Bd3 Bc6 20. f4 hxg5 21.
Bxg5 Qd7 22. Rd1 Bb5 23. e5 Ba4 24. Rd2 Nf3+
0-1

[Event "Landsturneringen 2015"]
[Site "Oppsal arena, Oslo"]
[Date "2015.07.04"]
[Round "2"]
[White "Getz, Nicolai"]
[Black "Hole, Øystein"]
[Result "1/2-1/2"]
[WhiteElo "2386"]
[BlackElo "2348"]
[PlyCount "110"]
[EventDate "2015.??.??"]

1. e4 c6 2. d4 d5 3. Nc3 dxe4 4. Nxe4 Bf5 5. Ng3 Bg6 6. h4 h6 7. Nf3 Nd7 8. h5
Bh7 9. Bd3 Bxd3 10. Qxd3 e6 11. Bd2 Ngf6 12. O-O-O Qc7 13. Ne4 Nxe4 14. Qxe4
Nf6 15. Qe2 O-O-O 16. g3 Bd6 17. Kb1 Rhe8 18. c4 c5 19. Bc3 cxd4 20. Nxd4 a6
21. b4 Qb6 22. Nb3 Be7 23. c5 Qc6 24. Na5 Qb5 25. Qxb5 axb5 26. Nb3 Nd5 27.
Bxg7 Rg8 28. Be5 Nxb4 29. Rxd8+ Rxd8 30. Bf4 Bf8 31. g4 f6 32. Be3 e5 33. Nd2
Kd7 34. Ne4 Ke6 35. Rc1 f5 36. gxf5+ Kxf5 37. Nd6+ Bxd6 38. cxd6 Nd3 39. Rc7
Rxd6 40. Rxb7 b4 41. Rh7 Nf4 42. Bc5 Rc6 43. Bxb4 Rb6 44. a3 Nd3 45. Kc2 Nxb4+
46. axb4 Rxb4 47. Rxh6 Rf4 48. Kd3 Rxf2 49. Ke3 Rh2 50. Rh8 Rh3+ 51. Kf2 Kg5
52. Re8 Kf4 53. Rf8+ Kg4 54. Rg8+ Kf4 55. Rf8+ Kg4
1/2-1/2

[Event "Landsturneringen 2015"]
[Site "Oppsal arena, Oslo"]
[Date "2015.07.04"]
[Round "2"]
[White "Skrondal, Inge Sandstad"]
[Black "Nilsen, Joachim B."]
[Result "1/2-1/2"]
[WhiteElo "2271"]
[BlackElo "2369"]
[PlyCount "39"]
[EventDate "2015.??.??"]

1. d4 d5 2. c4 dxc4 3. e3 Nf6 4. Bxc4 e6 5. Nf3 c5 6. O-O a6 7. dxc5 Bxc5 8.
Qxd8+ Kxd8 9. Be2 Ke7 10. Nbd2 Bd7 11. Nb3 Bb6 12. Ne5 Bb5 13. Bxb5 axb5 14.
Bd2 Na6 15. Rfc1 Ne4 16. Be1 Rhd8 17. Kf1 f6 18. Nf3 e5 19. a4 Rd3 20. Nbd2
1/2-1/2

[Event "Landsturneringen 2015"]
[Site "Oppsal arena, Oslo"]
[Date "2015.07.04"]
[Round "2"]
[White "Fossan, Petter"]
[Black "Moen, Andreas G.R."]
[Result "1-0"]
[WhiteElo "2308"]
[BlackElo "2361"]
[PlyCount "57"]
[EventDate "2015.??.??"]

1. e4 e5 2. Bc4 Nf6 3. d3 Bc5 4. Nf3 Nc6 5. O-O O-O 6. c3 d5 7. exd5 Nxd5 8. b4
Be7 9. b5 Na5 10. Bxd5 Qxd5 11. c4 Qd8 12. Bd2 b6 13. Nxe5 Bf6 14. Bxa5 bxa5
15. d4 Be6 16. Nc6 Qd6 17. Nd2 Qd7 18. Qb3 Bxd4 19. Rad1 Bb6 20. Ne4 Qe8 21.
Rfe1 a6 22. Qg3 Kh8 23. c5 axb5 24. Nd4 Ba7 25. Qxc7 Qc8 26. Nxb5 Bxa2 27. Ra1
Bc4 28. Qxc8 Raxc8 29. Nxa7
1-0

[Event "Landsturneringen 2015"]
[Site "Oppsal arena, Oslo"]
[Date "2015.07.04"]
[Round "2"]
[White "Grønn, Atle"]
[Black "Stubberud, Ørnulf"]
[Result "0-1"]
[WhiteElo "2341"]
[BlackElo "2306"]
[PlyCount "132"]
[EventDate "2015.??.??"]

1. d4 Nf6 2. Nc3 d5 3. Bg5 Nbd7 4. Qd3 c6 5. Nf3 Qa5 6. Nd2 e6 7. a3 Bd6 8. Bh4
O-O 9. Nb3 Qc7 10. e4 dxe4 11. Nxe4 Nxe4 12. Qxe4 e5 13. O-O-O f5 14. Qe1 e4
15. Kb1 Nf6 16. f3 exf3 17. gxf3 Bd7 18. Bc4+ Kh8 19. Qd2 Rae8 20. Rdg1 Re7 21.
Rg2 b6 22. Rhg1 Bf4 23. Qb4 Qd6 24. Qxd6 Bxd6 25. c3 h6 26. Rg6 Bxh2 27. Rh1
Bf4 28. Nc1 Kh7 29. Rg2 Re3 30. Bf2 Re7 31. Nd3 Bd6 32. Bb3 f4 33. Bc2 Bf5 34.
Bh4 Re3 35. Ne1 Bxc2+ 36. Kxc2 Ne8 37. Kd2 Rf7 38. Bf2 Re6 39. Nd3 Nc7 40. c4
Rfe7 41. b4 Re2+ 42. Kd1 Ra2 43. Nc1 Rxa3 44. c5 bxc5 45. bxc5 Bxc5 46. dxc5
Rxf3 47. Re1 Rd7+ 48. Kc2 Nd5 49. Na2 a5 50. Re4 Ra3 51. Nc1 Nb4+ 52. Kb2 Rf3
53. Be1 Rd5 54. Bxb4 axb4 55. Nb3 Rg3 56. Rc2 f3 57. Nd4 g5 58. Nxc6 Rg2 59.
Rxg2 fxg2 60. Rg4 Rxc5 61. Ne7 Re5 62. Nc6 Re2+ 63. Kb3 Kg6 64. Nxb4 h5 65. Rg3
h4 66. Rg4 Kh5
0-1

[Event "Landsturneringen 2015"]
[Site "Oppsal arena, Oslo"]
[Date "2015.07.04"]
[Round "2"]
[White "Røyset, Jon Kr."]
[Black "Mikalsen, Erlend"]
[Result "0-1"]
[WhiteElo "2279"]
[BlackElo "2334"]
[PlyCount "104"]
[EventDate "2015.??.??"]

1. e4 c5 2. Nc3 Nc6 3. Bb5 Nd4 4. Nf3 g6 5. Nxd4 cxd4 6. Ne2 Bg7 7. O-O Qb6 8.
Bd3 Nf6 9. b3 d5 10. e5 Ne4 11. f4 Bg4 12. Qe1 Nc5 13. Bb2 Nxd3 14. cxd3 Qa6
15. Nc1 O-O 16. Qh4 Be6 17. Qxe7 f6 18. exf6 Bxf6 19. Qb4 Rac8 20. Bxd4 Rc4 21.
Qxf8+ Kxf8 22. Bxf6 Qb6+ 23. Rf2 Rxf4 24. d4 Rxf2 25. Kxf2 Bg4 26. Be5 Qe6 27.
h3 Qf5+ 28. Kg1 Qc2 29. b4 Bf5 30. Nb3 b6 31. Bf4 Be4 32. Be3 Ke8 33. Kh2 Qc7+
34. g3 Qc4 35. Re1 Qxb4 36. Nc1 Kd7 37. Ne2 Bd3 38. Nc3 Bc4 39. Bg5 Qf8 40. Kg2
h6 41. Be3 g5 42. Ra1 b5 43. a3 a5 44. g4 Bd3 45. Kg3 Qb8+ 46. Kg2 b4 47. axb4
axb4 48. Na4 Be4+ 49. Kf1 Qh2 50. Nc5+ Kc6 51. Ra6+ Kb5 52. Rxh6 Bf3
0-1

[Event "Landsturneringen 2015"]
[Site "Oppsal arena, Oslo"]
[Date "2015.07.04"]
[Round "3"]
[White "Christiansen, Johan-Sebastian"]
[Black "Urkedal, Frode Olav Olsen"]
[Result "0-1"]
[WhiteElo "2409"]
[BlackElo "2512"]
[PlyCount "84"]
[EventDate "2015.??.??"]

1. c4 Nf6 2. Nf3 e6 3. g3 d5 4. Bg2 dxc4 5. Qa4+ c6 6. Qxc4 b5 7. Qc2 Bb7 8.
O-O Nbd7 9. Nc3 Be7 10. d4 O-O 11. Rd1 Qb6 12. a4 b4 13. a5 Qa6 14. Na4 c5 15.
dxc5 Be4 16. Qb3 Nxc5 17. Nxc5 Bxc5 18. Be3 Be7 19. Nd4 Bxg2 20. Kxg2 Nd5 21.
Bd2 Rfd8 22. e4 Nf6 23. Bg5 h6 24. Bxf6 Bxf6 25. Nf3 Rxd1 26. Rxd1 Qxa5 27. Qc2
Rb8 28. Re1 b3 29. Qe2 g5 30. e5 Bg7 31. Kg1 Qb4 32. Rd1 a5 33. Rd7 a4 34. Nd4
a3 35. bxa3 Qf8 36. Nb5 Qe8 37. Qd3 Bxe5 38. a4 b2 39. Ra7 Rd8 40. Qb1 Qc6 41.
Na3 Qf3 42. Rxf7 Rd1+
0-1

[Event "Landsturneringen 2015"]
[Site "Oppsal arena, Oslo"]
[Date "2015.07.04"]
[Round "3"]
[White "Tari, Aryan"]
[Black "Elsness, Frode"]
[Result "1-0"]
[WhiteElo "2499"]
[BlackElo "2434"]
[PlyCount "33"]
[EventDate "2015.??.??"]

1. e4 e5 2. Nf3 Nc6 3. Bb5 a6 4. Ba4 Nf6 5. O-O Be7 6. Re1 b5 7. Bb3 d6 8. a4
Bd7 9. c3 Na5 10. Bc2 c5 11. d4 cxd4 12. cxd4 Nc6 13. d5 Nb4 14. Bb3 O-O 15. a5
Qc7 16. Be3 Rfc8 17. Bb6
1-0

[Event "Landsturneringen 2015"]
[Site "Oppsal arena, Oslo"]
[Date "2015.07.04"]
[Round "3"]
[White "Holm, Kristian Stuvik"]
[Black "Gausel, Einar J"]
[Result "1/2-1/2"]
[WhiteElo "2398"]
[BlackElo "2485"]
[PlyCount "89"]
[EventDate "2015.??.??"]

1. Nf3 d5 2. d4 c6 3. c4 e6 4. Bg5 Nf6 5. Nc3 h6 6. Bxf6 Qxf6 7. e3 Nd7 8. Bd3
dxc4 9. Bxc4 g6 10. O-O Bg7 11. Rc1 O-O 12. e4 Rd8 13. e5 Qe7 14. Qe2 b6 15.
Rfe1 a5 16. Ne4 c5 17. Bb5 Bb7 18. Bxd7 Rxd7 19. dxc5 bxc5 20. Rxc5 Bd5 21. a3
Rb7 22. Nd6 Rb3 23. Nd4 Rb6 24. Rc8+ Rxc8 25. Nxc8 Qg5 26. f4 Qxf4 27. Nxb6
Qxd4+ 28. Qe3 Qxb2 29. Nxd5 exd5 30. Kh1 d4 31. Qe4 Qxa3 32. Qxd4 Qb4 33. Qxb4
axb4 34. Rb1 Bxe5 35. Rxb4 h5 36. Kg1 Kg7 37. Rb5 Bd6 38. h3 Bg3 39. Kf1 f6 40.
Ke2 h4 41. Kd3 g5 42. Ke4 Kg6 43. Rb6 Be5 44. Ra6 Bf4 45. Rc6
1/2-1/2